| 000 | 00714nam a2200241 a 4500 | ||
|---|---|---|---|
| 005 | 20151125034403.0 | ||
| 008 | 140219b1996 ck ||||| |||| 00| 0 spa d | ||
| 040 |
_aCO-BoIAVH _cCO-BoIAVH |
||
| 041 | _aspa | ||
| 044 | _ack | ||
| 090 |
_aLB _b00206 |
||
| 110 |
_bBP Exploration _97000 |
||
| 245 |
_aMonitoreo hidrobiológico del área de influencia de los campos Cusiana y Cupiagua _binforme final |
||
| 260 |
_aBogotá _bECOTESTS _c1996 |
||
| 300 | _a2 vol. | ||
| 650 |
_aPerifiton _97001 |
||
| 650 |
_aComunidades bentónicas _97002 |
||
| 650 |
_aMonitoreo limnológico _97003 |
||
| 650 |
_aVariables físicoquímicas _97004 |
||
| 650 |
_aPeces _942862 |
||
| 650 |
_aAgua dulce _942863 |
||
| 942 |
_cINFORME _01 _2z |
||
| 999 |
_c226 _d226 |
||